<?xml version="1.0" encoding="UTF-8"?>
<record
    xmlns:xsi="http://www.w3.org/2001/XMLSchema-instance"
    xsi:schemaLocation="http://www.loc.gov/MARC21/slim http://www.loc.gov/standards/marcxml/schema/MARC21slim.xsd"
    xmlns="http://www.loc.gov/MARC21/slim">

  <leader>00868nam a22002537a 4500</leader>
  <controlfield tag="003">OSt</controlfield>
  <controlfield tag="005">20250624003743.0</controlfield>
  <controlfield tag="008">250505t2018 |||o|||| | || 00| ||e|g dd d</controlfield>
  <datafield tag="020" ind1=" " ind2=" ">
    <subfield code="a">978-81934682-10</subfield>
  </datafield>
  <datafield tag="040" ind1=" " ind2=" ">
    <subfield code="c">JMCFI - Learning Resource Center</subfield>
  </datafield>
  <datafield tag="082" ind1=" " ind2=" ">
    <subfield code="a">eBook 572.8 B311 2018</subfield>
  </datafield>
  <datafield tag="245" ind1=" " ind2=" ">
    <subfield code="a">Basics of&#xA0;molecular&#xA0;biology</subfield>
    <subfield code="h">[electronic resource] /</subfield>
    <subfield code="c">edited by Ashok K. Rathoure.</subfield>
  </datafield>
  <datafield tag="260" ind1=" " ind2=" ">
    <subfield code="a">India :</subfield>
    <subfield code="b">Brillion Publishing,</subfield>
    <subfield code="c">2018.</subfield>
  </datafield>
  <datafield tag="300" ind1=" " ind2=" ">
    <subfield code="a">1 online resource (551 pages).</subfield>
  </datafield>
  <datafield tag="650" ind1=" " ind2=" ">
    <subfield code="a">Biology.</subfield>
    <subfield code="9">4140</subfield>
  </datafield>
  <datafield tag="650" ind1=" " ind2=" ">
    <subfield code="a">Molecular biology.</subfield>
    <subfield code="9">17011</subfield>
  </datafield>
  <datafield tag="650" ind1=" " ind2=" ">
    <subfield code="a">iG Publishing.</subfield>
    <subfield code="9">33537</subfield>
  </datafield>
  <datafield tag="700" ind1=" " ind2=" ">
    <subfield code="a">Rathoure, Ashok K</subfield>
    <subfield code="e">editor</subfield>
    <subfield code="9">37137</subfield>
  </datafield>
  <datafield tag="700" ind1=" " ind2=" ">
    <subfield code="a">Bhatt, Arun</subfield>
    <subfield code="e">editor</subfield>
    <subfield code="9">37451</subfield>
  </datafield>
  <datafield tag="700" ind1=" " ind2=" ">
    <subfield code="a">Verma Shalini</subfield>
    <subfield code="e">editor</subfield>
    <subfield code="9">37452</subfield>
  </datafield>
  <datafield tag="700" ind1=" " ind2=" ">
    <subfield code="a">Gupta Jyoti</subfield>
    <subfield code="e">editor</subfield>
    <subfield code="9">37453</subfield>
  </datafield>
  <datafield tag="856" ind1=" " ind2=" ">
    <subfield code="u">https://portal.igpublish.com/iglibrary/reader/NBNB0006021/1</subfield>
  </datafield>
  <datafield tag="942" ind1=" " ind2=" ">
    <subfield code="2">ddc</subfield>
    <subfield code="c">EBK</subfield>
    <subfield code="n">0</subfield>
  </datafield>
  <datafield tag="999" ind1=" " ind2=" ">
    <subfield code="c">11752</subfield>
    <subfield code="d">11752</subfield>
  </datafield>
  <datafield tag="952" ind1=" " ind2=" ">
    <subfield code="0">0</subfield>
    <subfield code="1">0</subfield>
    <subfield code="2">ddc</subfield>
    <subfield code="4">0</subfield>
    <subfield code="7">0</subfield>
    <subfield code="a">DL</subfield>
    <subfield code="b">DL</subfield>
    <subfield code="d">2025-06-24</subfield>
    <subfield code="l">0</subfield>
    <subfield code="o">eBook 572.8 B311 2018</subfield>
    <subfield code="r">2025-06-24</subfield>
    <subfield code="u">https://portal.igpublish.com/iglibrary/reader/NBNB0006021/1</subfield>
    <subfield code="w">2025-06-24</subfield>
    <subfield code="y">EBK</subfield>
  </datafield>
</record>
